[Event "CZE-ch Open 2018"]
[Site "Ostrava"]
[Date "2018.04.29"]
[Round "2"]
[White "Mladek, Richard"]
[Black "Tuma, Jiri"]
[Result "1-0"]
[WhiteElo "2136"]
[BlackElo "2296"]
[Annotator "ChessBase"]
[PlyCount "101"]
[EventDate "2018.??.??"]
[EventCountry "CZE"]
[SourceTitle "playchess.com"]
[Source "ChessBase"]
[SourceQuality "1"]
[TimeControl "40/5400+30:900+30"]

1. d4 {[%emt 0:00:00]} Nf6 {[%emt 0:00:27]} 2. c4 {[%emt 0:00:00]} c5 {[%emt 0:00:29]} 3. d5 {[%emt 0:00:15]} e6 {[%emt 0:00:20]} 4. Nc3 {[%emt 0:01:01]} exd5 {[%emt 0:00:29]} 5. cxd5 {[%emt 0:00:07]} d6 {[%emt 0:00:36]} 6. e4 {[%emt 0:02:37]} g6 {[%emt 0:00:32]} 7. f4 {[%emt 0:03:54]} Bg7 {[%emt 0:00:26]} 8. Bb5+ {[%emt 0:00:12]} Nfd7 {[%emt 0:01:22]} 9. a4 {[%emt 0:06:28]} O-O {[%emt 0:00:44]} 10. Nf3 {[%emt 0:06:04]} Na6 {[%emt 0:00:30]} 11. O-O {[%emt 0:01:14]} Nc7 {[%emt 0:00:33]} 12. Bd3 {[%emt 0:01:28]} a6 {[%emt 0:01:20]} 13. Qe1 {[%emt 0:05:20]} Re8 {[%emt 0:02:59]} 14. Qg3 {[%emt 0:01:55]} Nf6 {[%emt 0:07:46]} 15. f5 {[%emt 0:05:26]} Rb8 {[%emt 0:25:03]} 16. Qh4 {[%emt 0:04:43]} Nd7 {[%emt 0:25:38]} 17. fxg6 {[%emt 0:03:23]} fxg6 {[%emt 0:08:52]} 18. Bg5 {[%emt 0:09:06]} Nf6 {[%emt 0:05:41]} 19. Rae1 {[%emt 0:02:26]} Rf8 {[%emt 0:02:48]} 20. e5 {[%emt 0:02:15]} dxe5 {[%emt 0:00:18]} 21. Nxe5 {[%emt 0:00:09]} Nce8 {[%emt 0:03:13]} 22. d6 {[%emt 0:04:26]} Nxd6 {[%emt 0:06:20]} 23. Nxg6 {[%emt 0:08:39]} hxg6 {[%emt 0:01:41]} 24. Bxg6 {[%emt 0:00:38]} Bf5 {[%emt 0:02:45]} 25. Bxf6 {[%emt 0:04:17]} Rxf6 {[%emt 0:00:36]} 26. Qh7+ {[%emt 0:00:05]} Kf8 {[%emt 0:00:05]} 27. Bxf5 {[%emt 0:00:49]} Nxf5 {[%emt 0:01:06]} 28. Rxf5 {[%emt 0:00:19]} Qd4+ {[%emt 0:00:53]} 29. Kh1 {[%emt 0:00:16]} Rd8 {[%emt 0:00:53]} 30. Ref1 {[%emt 0:03:28]} Rxf5 {[%emt 0:00:09]} 31. Qxf5+ {[%emt 0:01:41]} Kg8 {[%emt 0:00:06]} 32. Qf7+ {[%emt 0:03:47]} Kh7 {[%emt 0:00:01]} 33. Rf5 {[%emt 0:01:54]} Rd6 {[%emt 0:00:43]} 34. h3 {[%emt 0:01:00]} b6 {[%emt 0:00:55]} 35. Rf4 {[%emt 0:01:52]} Qe5 {[%emt 0:00:34]} 36. Ne4 {[%emt 0:01:29]} Rd1+ {[%emt 0:01:06]} 37. Kh2 {[%emt 0:00:02]} Rf1 {[%emt 0:00:26]} 38. Nf6+ {[%emt 0:04:44]} Qxf6 {[%emt 0:00:02]} 39. Qxf6 {[%emt 0:02:26]} Bxf6 {[%emt 0:00:15]} 40. Rxf1 {[%emt 0:00:05]} Bxb2 {[%emt 0:15:08]} 41. Rf7+ {[%emt 0:16:22]} Kg6 {[%emt 0:00:00]} 42. Rb7 {[%emt 0:00:00]} b5 {[%emt 0:00:00]} 43. axb5 {[%emt 0:00:00]} axb5 {[%emt 0:00:00]} 44. Rxb5 {[%emt 0:00:00]} Bd4 {[%emt 0:00:00]} 45. Kg3 {[%emt 0:00:00]} Kf5 {[%emt 0:00:00]} 46. Kf3 {[%emt 0:00:00]} Ke5 {[%emt 0:00:00]} 47. Rb8 {[%emt 0:00:00]} c4 {[%emt 0:00:00]} 48. Ke2 {[%emt 0:00:00]} Ke4 {[%emt 0:00:00]} 49. Re8+ {[%emt 0:00:00]} Kf4 {[%emt 0:00:00]} 50. Rc8 {[%emt 0:00:00]} c3 {[%emt 0:00:00]} 51. Rc4 {[%emt 0:00:00]} 1-0

[Event "CZE-ch Open 2018"]
[Site "Ostrava"]
[Date "2018.04.29"]
[Round "2"]
[White "Bures, Martin"]
[Black "Svoboda, Svatopluk"]
[Result "0-1"]
[WhiteElo "2100"]
[BlackElo "2401"]
[Annotator "ChessBase"]
[PlyCount "160"]
[EventDate "2018.??.??"]
[EventCountry "CZE"]
[SourceTitle "playchess.com"]
[Source "ChessBase"]
[SourceQuality "1"]
[TimeControl "40/5400+30:900+30"]

1. d4 {[%emt 0:00:00]} f5 {[%emt 0:00:27]} 2. g3 {[%emt 0:00:41]} Nf6 {[%emt 0:00:14]} 3. Bg2 {[%emt 0:00:12]} g6 {[%emt 0:00:20]} 4. c3 {[%emt 0:04:44]} Bg7 {[%emt 0:00:15]} 5. Nd2 {[%emt 0:00:03]} c6 {[%emt 0:01:56]} 6. e4 {[%emt 0:01:37]} fxe4 {[%emt 0:00:11]} 7. Nxe4 {[%emt 0:00:02]} Nxe4 {[%emt 0:06:25]} 8. Bxe4 {[%emt 0:00:03]} O-O {[%emt 0:00:51]} 9. Nh3 {[%emt 0:06:13]} d5 {[%emt 0:04:33]} 10. Bg2 {[%emt 0:00:03]} e5 {[%emt 0:00:25]} 11. dxe5 {[%emt 0:01:44]} Bxe5 {[%emt 0:01:12]} 12. O-O {[%emt 0:03:16]} Bg7 {[%emt 0:09:02]} 13. Bg5 {[%emt 0:03:39]} Qb6 {[%emt 0:00:53]} 14. Qd2 {[%emt 0:04:11]} Nd7 {[%emt 0:00:45]} 15. Bh6 {[%emt 0:12:47]} Bxh6 {[%emt 0:09:21]} 16. Qxh6 {[%emt 0:00:03]} Qxb2 {[%emt 0:00:18]} 17. Ng5 {[%emt 0:03:11]} Nf6 {[%emt 0:00:48]} 18. Rae1 {[%emt 0:01:05]} Qa3 {[%emt 0:00:12]} 19. Re5 {[%emt 0:08:41]} Bd7 {[%emt 0:00:45]} 20. Rfe1 {[%emt 0:04:05]} Rae8 {[%emt 0:08:22]} 21. Nxh7 {[%emt 0:14:51]} Rxe5 {[%emt 0:01:11]} 22. Nxf6+ {[%emt 0:02:47]} Rxf6 {[%emt 0:00:12]} 23. Rxe5 {[%emt 0:00:10]} Qxa2 {[%emt 0:02:05]} 24. Re7 {[%emt 0:08:09]} Qxf2+ {[%emt 0:07:17]} 25. Kh1 {[%emt 0:00:05]} Rf7 {[%emt 0:00:11]} 26. Qxg6+ {[%emt 0:02:20]} Kf8 {[%emt 0:00:13]} 27. Rxf7+ {[%emt 0:03:39]} Qxf7 {[%emt 0:00:09]} 28. Qh6+ {[%emt 0:05:02]} Ke7 {[%emt 0:06:57]} 29. h4 {[%emt 0:05:01]} b6 {[%emt 0:04:21]} 30. Kh2 {[%emt 0:01:33]} Qf6 {[%emt 0:01:09]} 31. Qe3+ {[%emt 0:01:06]} Kd6 {[%emt 0:01:26]} 32. h5 {[%emt 0:02:08]} Bf5 {[%emt 0:09:12]} 33. h6 {[%emt 0:00:37]} a5 {[%emt 0:00:59]} 34. Bh3 {[%emt 0:01:05]} Be4 {[%emt 0:00:38]} 35. Bg2 {[%emt 0:01:02]} Bh7 {[%emt 0:01:25]} 36. Bh3 {[%emt 0:00:06]} c5 {[%emt 0:01:30]} 37. Bc8 {[%emt 0:01:30]} d4 {[%emt 0:04:18]} 38. cxd4 {[%emt 0:00:27]} cxd4 {[%emt 0:00:04]} 39. Qd2 {[%emt 0:00:50]} d3 {[%emt 0:02:17]} 40. Bh3 {[%emt 0:00:14]} Qd4 {[%emt 0:23:02]} 41. Bg2 {[%emt 0:00:00]} a4 {[%emt 0:00:00]} 42. Qc1 {[%emt 0:00:00]} d2 {[%emt 0:00:00]} 43. Qc6+ {[%emt 0:00:00]} Ke7 {[%emt 0:00:00]} 44. Qc7+ {[%emt 0:00:00]} Kf8 {[%emt 0:00:00]} 45. Qb8+ {[%emt 0:02:57]} Kf7 {[%emt 0:00:00]} 46. Qb7+ {[%emt 0:00:02]} Ke6 {[%emt 0:00:00]} 47. Qc8+ {[%emt 0:00:47]} Ke7 {[%emt 0:00:00]} 48. Qc7+ {[%emt 0:01:26]} Kf8 {[%emt 0:00:00]} 49. Qb8+ {[%emt 0:00:51]} Kf7 {[%emt 0:00:00]} 50. Qb7+ {[%emt 0:00:15]} Ke6 {[%emt 0:00:01]} 51. Qc8+ {[%emt 0:00:56]} Kd6 {[%emt 0:00:57]} 52. Qc6+ {[%emt 0:01:14]} Ke5 {[%emt 0:00:33]} 53. Qc7+ {[%emt 0:06:45]} Qd6 {[%emt 0:01:56]} 54. Qc3+ {[%emt 0:02:57]} Kf5 {[%emt 0:01:23]} 55. Bh3+ {[%emt 0:00:29]} Kg5 {[%emt 0:00:12]} 56. Qg7+ {[%emt 0:02:04]} Qg6 {[%emt 0:04:38]} 57. Qd4 {[%emt 0:00:02]} Qc2 {[%emt 0:00:40]} 58. Qf4+ {[%emt 0:01:47]} Kg6 {[%emt 0:01:25]} 59. Qd6+ {[%emt 0:00:04]} Kh5 {[%emt 0:00:37]} 60. g4+ {[%emt 0:01:56]} Kg5 {[%emt 0:00:14]} 61. Qe5+ {[%emt 0:01:11]} Kxh6 {[%emt 0:02:59]} 62. Qh5+ {[%emt 0:00:39]} Kg7 {[%emt 0:00:11]} 63. Qe5+ {[%emt 0:00:02]} Kf8 {[%emt 0:00:14]} 64. Qd6+ {[%emt 0:00:35]} Ke8 {[%emt 0:00:13]} 65. Qb8+ {[%emt 0:00:49]} Kd7 {[%emt 0:01:53]} 66. g5+ {[%emt 0:00:15]} Bf5 {[%emt 0:00:04]} 67. Bxf5+ {[%emt 0:00:43]} Qxf5 {[%emt 0:00:06]} 68. Qb7+ {[%emt 0:00:06]} Ke8 {[%emt 0:00:20]} 69. Qc6+ {[%emt 0:00:42]} Kf7 {[%emt 0:01:09]} 70. Qc7+ {[%emt 0:00:23]} Kg6 {[%emt 0:00:36]} 71. Qxb6+ {[%emt 0:00:45]} Kxg5 {[%emt 0:00:26]} 72. Qd8+ {[%emt 0:00:39]} Kg4 {[%emt 0:00:35]} 73. Qg8+ {[%emt 0:00:29]} Kf3 {[%emt 0:00:32]} 74. Qg2+ {[%emt 0:00:29]} Ke3 {[%emt 0:00:08]} 75. Qg3+ {[%emt 0:00:24]} Ke2 {[%emt 0:00:10]} 76. Qg8 {[%emt 0:00:40]} Qf4+ {[%emt 0:00:19]} 77. Kh3 {[%emt 0:00:14]} d1=Q {[%emt 0:01:23]} 78. Qg2+ {[%emt 0:00:30]} Qf2 {[%emt 0:00:18]} 79. Qg4+ {[%emt 0:00:29]} Qf3+ {[%emt 0:00:11]} 80. Kh2 {[%emt 0:00:04]} Qdh1# 0-1

[Event "CZE-ch Open 2018"]
[Site "Ostrava"]
[Date "2018.04.29"]
[Round "2"]
[White "Kopriva, Martin"]
[Black "Svatos, Jan"]
[Result "0-1"]
[WhiteElo "2071"]
[BlackElo "2272"]
[Annotator "ChessBase"]
[PlyCount "52"]
[EventDate "2018.??.??"]
[EventCountry "CZE"]
[SourceTitle "playchess.com"]
[Source "ChessBase"]
[SourceQuality "1"]
[TimeControl "40/5400+30:900+30"]

1. e4 {[%emt 0:00:00]} d5 {[%emt 0:03:04]} 2. exd5 {[%emt 0:00:09]} Nf6 {[%emt 0:00:02]} 3. Bb5+ {[%emt 0:02:02]} Bd7 {[%emt 0:00:09]} 4. Be2 {[%emt 0:00:51]} Nxd5 {[%emt 0:00:05]} 5. d4 {[%emt 0:00:58]} g6 {[%emt 0:01:12]} 6. Nf3 {[%emt 0:01:22]} Bg7 {[%emt 0:02:31]} 7. c4 {[%emt 0:02:15]} Nb6 {[%emt 0:01:02]} 8. Nc3 {[%emt 0:02:07]} Bg4 {[%emt 0:03:30]} 9. Be3 {[%emt 0:06:20]} Nc6 {[%emt 0:07:09]} 10. c5 {[%emt 0:12:02]} Nd5 {[%emt 0:02:11]} 11. h3 {[%emt 0:04:31]} Bxf3 {[%emt 0:09:07]} 12. Bxf3 {[%emt 0:00:49]} Nxe3 {[%emt 0:01:27]} 13. fxe3 {[%emt 0:01:44]} O-O {[%emt 0:33:27]} 14. O-O {[%emt 0:03:26]} Rb8 {[%emt 0:00:07]} 15. Qa4 {[%emt 0:03:59]} e6 {[%emt 0:06:23]} 16. Kh1 {[%emt 0:09:25]} Ne7 {[%emt 0:04:10]} 17. Rad1 {[%emt 0:05:05]} Nf5 {[%emt 0:00:36]} 18. Rfe1 {[%emt 0:01:03]} Bh6 {[%emt 0:10:34]} 19. e4 {[%emt 0:03:07]} Ng3+ {[%emt 0:00:17]} 20. Kg1 {[%emt 0:00:41]} Bf4 {[%emt 0:00:34]} 21. Qxa7 {[%emt 0:18:43]} Qg5 {[%emt 0:02:34]} 22. Rd3 {[%emt 0:03:20]} Bd2 {[%emt 0:01:40]} 23. Kf2 {[%emt 0:08:19]} Bxe1+ {[%emt 0:01:06]} 24. Kxe1 {[%emt 0:00:05]} Qc1+ {[%emt 0:01:26]} 25. Nd1 {[%emt 0:00:30]} Qf4 {[%emt 0:03:42]} 26. a3 {[%emt 0:00:55]} Nxe4 {[%emt 0:00:25]} 0-1

[Event "CZE-ch Open 2018"]
[Site "Ostrava"]
[Date "2018.04.29"]
[Round "2"]
[White "Kana, Pavel"]
[Black "Vybiral, Zdenek"]
[Result "0-1"]
[WhiteElo "2024"]
[BlackElo "2261"]
[Annotator "ChessBase"]
[PlyCount "106"]
[EventDate "2018.??.??"]
[EventCountry "CZE"]
[SourceTitle "playchess.com"]
[Source "ChessBase"]
[SourceQuality "1"]
[TimeControl "40/5400+30:900+30"]

1. e4 {[%emt 0:00:00]} c5 {[%emt 0:00:05]} 2. Nf3 {[%emt 0:00:16]} e6 {[%emt 0:00:06]} 3. d4 {[%emt 0:00:52]} cxd4 {[%emt 0:00:05]} 4. Nxd4 {[%emt 0:00:03]} Nf6 {[%emt 0:00:12]} 5. Bd3 {[%emt 0:00:32]} Qb6 {[%emt 0:01:15]} 6. Nb3 {[%emt 0:01:52]} Nc6 {[%emt 0:00:13]} 7. Nc3 {[%emt 0:01:51]} a6 {[%emt 0:00:17]} 8. Qe2 {[%emt 0:05:06]} d6 {[%emt 0:01:42]} 9. O-O {[%emt 0:01:29]} Be7 {[%emt 0:00:32]} 10. Be3 {[%emt 0:04:22]} Qc7 {[%emt 0:01:00]} 11. f4 {[%emt 0:02:56]} b5 {[%emt 0:00:56]} 12. a4 {[%emt 0:11:41]} b4 {[%emt 0:02:33]} 13. Na2 {[%emt 0:02:59]} O-O {[%emt 0:28:13]} 14. c3 {[%emt 0:05:21]} bxc3 {[%emt 0:01:26]} 15. Nxc3 {[%emt 0:01:13]} Rb8 {[%emt 0:00:12]} 16. Nd4 {[%emt 0:05:05]} Nxd4 {[%emt 0:00:44]} 17. Bxd4 {[%emt 0:00:04]} e5 {[%emt 0:00:09]} 18. Be3 {[%emt 0:03:47]} Bg4 {[%emt 0:06:27]} 19. Qd2 {[%emt 0:03:38]} Be6 {[%emt 0:00:20]} 20. Rac1 {[%emt 0:06:49]} Qb7 {[%emt 0:00:27]} 21. f5 {[%emt 0:06:11]} Bd7 {[%emt 0:00:50]} 22. Bg5 {[%emt 0:19:31]} Bc6 {[%emt 0:05:03]} 23. Rfe1 {[%emt 0:03:07]} Ng4 {[%emt 0:23:18]} 24. Bxe7 {[%emt 0:03:47]} Qa7+ {[%emt 0:02:32]} 25. Re3 {[%emt 0:02:05]} Rxb2 {[%emt 0:01:13]} 26. Bc2 {[%emt 0:03:36]} Qxe3+ {[%emt 0:08:33]} 27. Qxe3 {[%emt 0:00:11]} Nxe3 {[%emt 0:00:05]} 28. Bxf8 {[%emt 0:00:34]} Kxf8 {[%emt 0:00:14]} 29. Bd3 {[%emt 0:00:49]} Rxg2+ {[%emt 0:02:59]} 30. Kh1 {[%emt 0:00:02]} Rd2 {[%emt 0:00:27]} 31. Bxa6 {[%emt 0:00:39]} Ng4 {[%emt 0:10:06]} 32. h3 {[%emt 0:01:49]} Nf2+ {[%emt 0:00:15]} 33. Kg1 {[%emt 0:00:31]} Nxh3+ {[%emt 0:01:18]} 34. Kf1 {[%emt 0:00:01]} Ng5 {[%emt 0:00:19]} 35. Nb1 {[%emt 0:01:04]} Rb2 {[%emt 0:01:14]} 36. Rxc6 {[%emt 0:00:50]} Rxb1+ {[%emt 0:00:06]} 37. Ke2 {[%emt 0:00:14]} Rb4 {[%emt 0:01:56]} 38. Rc4 {[%emt 0:01:51]} Rb2+ {[%emt 0:00:35]} 39. Ke3 {[%emt 0:00:39]} h5 {[%emt 0:00:36]} 40. Rc8+ {[%emt 0:01:33]} Ke7 {[%emt 0:15:06]} 41. Bc4 {[%emt 0:00:00]} Rb4 {[%emt 0:00:00]} 42. a5 {[%emt 0:05:42]} Kd7 {[%emt 0:00:00]} 43. Ba6 {[%emt 0:02:17]} Rb3+ {[%emt 0:00:00]} 44. Ke2 {[%emt 0:00:40]} Ra3 {[%emt 0:00:00]} 45. Ra8 {[%emt 0:02:06]} h4 {[%emt 0:00:00]} 46. Bb7 {[%emt 0:02:53]} h3 {[%emt 0:00:00]} 47. a6 {[%emt 0:00:34]} h2 {[%emt 0:00:00]} 48. Rh8 {[%emt 0:01:18]} Nh3 {[%emt 0:00:00]} 49. Bc8+ {[%emt 0:02:53]} Kc7 {[%emt 0:00:00]} 50. Rxh3 {[%emt 0:01:30]} Rxh3 {[%emt 0:00:00]} 51. f6 {[%emt 0:00:20]} Kxc8 {[%emt 0:00:00]} 52. fxg7 {[%emt 0:00:21]} Rg3 {[%emt 0:00:00]} 53. a7 {[%emt 0:00:17]} Kb7 {[%emt 0:00:00]} 0-1

[Event "CZE-ch Open 2018"]
[Site "Ostrava"]
[Date "2018.04.29"]
[Round "2"]
[White "Benes, Miroslav"]
[Black "Vlasak, Lukas"]
[Result "1/2-1/2"]
[WhiteElo "2004"]
[BlackElo "2381"]
[Annotator "ChessBase"]
[PlyCount "100"]
[EventDate "2018.??.??"]
[EventCountry "CZE"]
[SourceTitle "playchess.com"]
[Source "ChessBase"]
[SourceQuality "1"]
[TimeControl "40/5400+30:900+30"]

1. e4 {[%emt 0:07:17]} c5 {[%emt 0:00:27]} 2. Nf3 {[%emt 0:00:19]} e6 {[%emt 0:00:16]} 3. d4 {[%emt 0:01:46]} cxd4 {[%emt 0:00:13]} 4. Nxd4 {[%emt 0:00:02]} Nc6 {[%emt 0:00:12]} 5. g3 {[%emt 0:00:08]} a6 {[%emt 0:05:02]} 6. Bg2 {[%emt 0:00:06]} Qc7 {[%emt 0:00:14]} 7. O-O {[%emt 0:00:39]} Nf6 {[%emt 0:00:38]} 8. Nc3 {[%emt 0:03:39]} Nxd4 {[%emt 0:00:20]} 9. Qxd4 {[%emt 0:00:04]} Bc5 {[%emt 0:00:10]} 10. Qd3 {[%emt 0:04:51]} d6 {[%emt 0:04:54]} 11. Be3 {[%emt 0:02:14]} Bxe3 {[%emt 0:12:06]} 12. Qxe3 {[%emt 0:00:02]} e5 {[%emt 0:00:42]} 13. a4 {[%emt 0:10:23]} Be6 {[%emt 0:00:25]} 14. h3 {[%emt 0:02:35]} Rc8 {[%emt 0:03:04]} 15. Rfd1 {[%emt 0:01:56]} O-O {[%emt 0:01:40]} 16. Rd2 {[%emt 0:04:15]} Rfd8 {[%emt 0:00:34]} 17. Rad1 {[%emt 0:00:55]} h6 {[%emt 0:04:19]} 18. Kh2 {[%emt 0:09:47]} Qe7 {[%emt 0:16:16]} 19. Qb6 {[%emt 0:09:27]} Rc6 {[%emt 0:04:59]} 20. Qb4 {[%emt 0:01:55]} Qc7 {[%emt 0:03:34]} 21. Qa3 {[%emt 0:05:58]} Rc5 {[%emt 0:03:23]} 22. Qb4 {[%emt 0:14:53]} g6 {[%emt 0:07:58]} 23. Qa3 {[%emt 0:01:03]} Kg7 {[%emt 0:00:14]} 24. Qb4 {[%emt 0:00:17]} Ng8 {[%emt 0:05:39]} 25. f4 {[%emt 0:02:39]} Rc4 {[%emt 0:01:16]} 26. Qa3 {[%emt 0:01:30]} exf4 {[%emt 0:00:28]} 27. gxf4 {[%emt 0:00:11]} d5 {[%emt 0:00:43]} 28. Nxd5 {[%emt 0:02:10]} Bxd5 {[%emt 0:01:02]} 29. Qg3 {[%emt 0:01:15]} Rxc2 {[%emt 0:07:18]} 30. exd5 {[%emt 0:00:44]} Rxd2 {[%emt 0:00:17]} 31. Rxd2 {[%emt 0:00:01]} Nf6 {[%emt 0:00:23]} 32. Qe3 {[%emt 0:04:27]} Qd6 {[%emt 0:07:45]} 33. Bf3 {[%emt 0:02:41]} Re8 {[%emt 0:01:30]} 34. Qd4 {[%emt 0:00:30]} Kg8 {[%emt 0:01:31]} 35. Kg2 {[%emt 0:01:21]} Re1 {[%emt 0:02:36]} 36. Rc2 {[%emt 0:02:12]} Kg7 {[%emt 0:02:13]} 37. Rd2 {[%emt 0:02:05]} Re7 {[%emt 0:01:39]} 38. Kf2 {[%emt 0:00:36]} g5 {[%emt 0:00:28]} 39. fxg5 {[%emt 0:00:35]} hxg5 {[%emt 0:00:27]} 40. Kg2 {[%emt 0:01:28]} Re5 {[%emt 0:15:38]} 41. a5 {[%emt 0:00:00]} Nd7 {[%emt 0:00:00]} 42. b4 {[%emt 0:00:00]} f5 {[%emt 0:00:00]} 43. Re2 {[%emt 0:00:00]} Kf7 {[%emt 0:00:00]} 44. Rxe5 {[%emt 0:00:00]} Nxe5 {[%emt 0:00:00]} 45. Be2 {[%emt 0:03:56]} Ng6 {[%emt 0:00:00]} 46. Bh5 {[%emt 0:00:27]} Qf6 {[%emt 0:00:00]} 47. Qc4 {[%emt 0:05:46]} Qb2+ {[%emt 0:00:00]} 48. Kg1 {[%emt 0:01:52]} Qa1+ {[%emt 0:00:00]} 49. Kg2 {[%emt 0:01:41]} Qb2+ {[%emt 0:00:00]} 50. Kg1 {[%emt 0:03:16]} Qa1+ {[%emt 0:00:00]} 1/2-1/2

[Event "CZE-ch Open 2018"]
[Site "Ostrava"]
[Date "2018.04.30"]
[Round "3"]
[White "Krejci, Jan"]
[Black "Velicka, Petr"]
[Result "1/2-1/2"]
[WhiteElo "2582"]
[BlackElo "2412"]
[Annotator "TA"]
[PlyCount "138"]
[EventDate "2018.??.??"]
[EventCountry "CZE"]
[SourceTitle "playchess.com"]
[Source "ChessBase"]
[SourceQuality "1"]

{[%evp 18,138,7,0,10,-15,16,1,12,4,0,0,29,0,19,22,18,0,0,0,-2,-9,0,0,4,5,0,1,12,16,24,18,12,13,12,16,26,19,21,16,12,0,0,0,50,31,45,37,59,0,44,0,0,0,0,0,0,0,108,105,100,96,106,0,87,0,113,114,118,106,99,113,116,61,61,61,56,20,26,41,36,8,8,8,8,8,8,0,8,8,12,8,8,0,0,0,0,-8,-8,-8,-8,-8,-8,-8,-8,-8,-8,-8,0,0,0,0,0,0,0,0,0,0,0,0,0,0,0]} 1. c4 c6 2. Nf3 d5 3. g3 Nf6 4. Bg2 Bf5 5. O-O e6 6. d3 dxc4 7. dxc4 Qxd1 8. Rxd1 Nbd7 9. Nc3 h6 {A11: English Opening: 1...c6} (9... Bc2 10. Rd2 Bg6 11. b3 O-O-O 12. Bb2 Be7 13. Rad1 h6 14. Na4 Bb4 15. Bc3 Bxc3 16. Nxc3 Rhe8 17. b4 {1-0 (75) Fridman,D (2624)-Tregubov,P (2582) Tallinn 2016}) 10. Bf4 {LiveBook: 11 Games} Be7 11. a3 $146 ({Predecessor:} 11. Ne5 Nxe5 12. Bxe5 O-O 13. e4 Bg6 14. Bd6 Bxd6 15. Rxd6 Rfd8 16. Rad1 Rxd6 17. Rxd6 Kf8 18. f4 Ke7 19. Rd2 Nd7 20. Kf2 f6 21. h4 Bf7 22. b3 Rg8 23. Bf3 {½-½ (23) Altounian,L (2431)-Ravichandran,S (2387) Los Angeles 2011}) 11... Nb6 12. Ne5 Nfd7 13. Nxd7 Nxd7 14. b4 Nb6 15. b5 O-O 16. bxc6 bxc6 17. Bxc6 Rac8 18. Bb7 Rxc4 19. Nb5 Bf6 20. Rac1 Bb2 21. Rxc4 Nxc4 22. Nxa7 e5 23. Bc1 Bc2 24. Rf1 Bxa3 25. Bxa3 Nxa3 26. Bd5 Bg6 27. Rc1 Kh7 28. e4 f6 29. Rc7 Rb8 30. Nc6 Re8 31. Rb7 Nc2 32. Ne7 Rd8 33. Nc6 Re8 34. g4 h5 35. Ne7 Ra8 36. gxh5 Bxh5 {[#] aiming for ...Ra1+.} 37. Nf5 Ra3 (37... Kh8 $11) 38. Rxg7+ $16 Kh8 39. Rg8+ Kh7 40. Rg7+ Kh8 41. Rg8+ Kh7 42. Rf8 Bf3 {[%cal Ra3a1] [#]} 43. h3 Ra6 44. Kh2 Nd4 45. Bg8+ (45. Nxd4 $16 exd4 46. Kg3) 45... Kg6 $14 46. Bc4 Ra4 47. Ne7+ Kg5 48. Rg8+ Kh4 49. Bf7 Ra1 {[%csl Gf3][%cal Ra1h1] The position is equal.} 50. Ng6+ Kg5 $132 {[%mdl 2048] Black is not keeping still} 51. Nxe5+ Kf4 {[%csl Gf3][%cal Ra1h1]} 52. Ng6+ Kg5 53. Ne7+ Kf4 {[%csl Gf3][%cal Ra1h1]} 54. Nd5+ Kxe4 {( -> ...Rh1+)} 55. Re8+ ({Of course not} 55. Nxf6+ Ke5 $17) 55... Kf5 56. Ne3+ Kf4 {[%csl Gf3][%cal Ra1h1]} 57. Ng2+ Bxg2 58. Kxg2 $11 {[%mdl 4096] Endgame KRB-KRN} Nf3 {[%csl Gf3][%cal Ra1g1]} 59. h4 $1 Nxh4+ 60. Kh2 Nf3+ 61. Kg2 Rg1+ 62. Kh3 Rg7 63. Bd5 Rh7+ 64. Kg2 {Black must now prevent Re4+.} Rh2+ 65. Kf1 Rh1+ 66. Kg2 Rg1+ 67. Kh3 f5 68. Re3 Rh1+ 69. Kg2 Rg1+ {Precision: White = 55%, Black = 63%.} 1/2-1/2

[Event "CZE-ch Open 2018"]
[Site "Ostrava"]
[Date "2018.04.30"]
[Round "3"]
[White "Stocek, Jiri"]
[Black "Mladek, Richard"]
[Result "1-0"]
[WhiteElo "2568"]
[BlackElo "2136"]
[Annotator "TA"]
[PlyCount "89"]
[EventDate "2018.??.??"]
[EventCountry "CZE"]
[SourceTitle "playchess.com"]
[Source "ChessBase"]
[SourceQuality "1"]

{[%evp 14,88,35,30,52,52,91,98,77,79,105,102,124,108,128,131,133,132,147,154,133,113,423,412,388,311,326,326,325,287,326,288,314,314,297,293,581,421,441,449,551,560,561,335,607,651,645,309,485,393,562,451,720,717,747,748,672,684,880,922,893,770,891,771,29989,29990,29991,29992,29995,29996,29996,29997,29997,29998,29998,29999,29999]} 1. c4 Nf6 2. Nc3 g6 3. e4 d6 4. d4 Bg7 5. h3 O-O 6. Be3 e5 7. d5 Na6 8. Nf3 Qe8 {E90: King's Indian: Classical: Early deviations and 6 h3} (8... Nc5 9. Nd2 a5 10. g4 c6 11. Be2 a4 12. g5 Nfd7 13. h4 Qa5 14. a3 f5 15. f3 cxd5 16. cxd5 b5 17. Bxb5 Ba6 18. Bxa6 Qxa6 19. Qe2 {½-½ (35) Bosiocic,M (2611)-Jones,G (2651) Batumi 2018}) 9. g4 {[%cal Bg2g4,Bg4g5][%mdl 32]} Nc5 {[#]} 10. Nd2 $1 a5 {White is better.} 11. Be2 c6 12. h4 {[%cal Bh3h4,Bh4h5][%mdl 32]} Nfd7 $146 ({Predecessor:} 12... cxd5 13. cxd5 Qd7 14. Rg1 Ne8 15. h5 Nc7 16. Nc4 Qd8 17. Bxc5 dxc5 {½-½ (26) Raluy Lopez,M (1978)-Camino Carrio,N (1984) Las Palmas 2016}) 13. h5 Bf6 14. g5 Be7 15. Qc2 Nb6 16. Nb3 cxd5 17. cxd5 {aiming for hxg6.} Bd7 $2 {[%mdl 8192]} (17... Nba4 $16) 18. Nxc5 $18 dxc5 19. O-O-O Bd6 20. Rh4 Kg7 21. Rdh1 {Threatens to win with hxg6.} Rh8 22. Qd1 Na4 23. Nxa4 Bxa4 24. Qf1 c4 $2 (24... Bd7 {is a better defense.} 25. f4 exf4) 25. Bxc4 Rc8 26. Kb1 Bc2+ 27. Kxc2 Qa4+ 28. Kb1 Rxc4 $2 (28... Qxc4 29. Qxc4 Rxc4) 29. b3 Rb4 {intending ...Rxb3+.} 30. Qd3 (30. Qh3 $142) 30... Qd7 (30... Qb5 $142 31. Qxb5 Rxb5 32. hxg6 fxg6) 31. a3 Rb5 (31... Qb5 {was called for.} 32. Qxb5 Rxb5) 32. Bc1 a4 (32... Rb6 $142 33. hxg6 fxg6) 33. b4 Bxb4 34. axb4 Rxb4+ 35. Ka2 gxh5 36. Rxh5 Rb3 37. Qc4 b5 38. Qc6 Qg4 39. Qf6+ {White mates.} Kg8 40. g6 fxg6 {[#]} 41. Qxh8+ $1 {[%mdl 512]} Kxh8 42. Rxh7+ Kg8 43. Rh8+ Kf7 44. R1h7+ Kf6 45. Rf8# {Precision: White = 90%, Black = 19%.} 1-0